| 000 | 00778nam a22002297a 4500 | ||
|---|---|---|---|
| 001 | 00001544 | ||
| 003 | DO-SdBNP | ||
| 005 | 20180215082903.0 | ||
| 008 | 160518b 2003 dr xxu||||| |||| 00| 0 spa d | ||
| 040 |
_aBPMSU _bspa _cBPMSU |
||
| 092 |
_axxxxx _bxxxxx |
||
| 100 | 1 | _aNeris, Ruben | |
| 110 |
_bUniversidad Autónoma de Santo Domingo. _eFacultad de Ciencias. Departamento de Física |
||
| 245 | 1 | 0 |
_aManual de laboratorio : _b física general III / _cRubén Neris, Roque Bretón, Patricio Alvarez. |
| 260 |
_aSanto Domingo : _bUniversitaria-UASD, _c2003 |
||
| 300 |
_a156 p. : _bil. ; _c27 cm. |
||
| 700 | 1 | _aBretón, Roque | |
| 700 | 1 | _aÁlvarez, Patricio | |
| 942 |
_2ddc _cBK |
||
| 945 | _ainventariado, 2018 / dg | ||
| 956 |
_2LOPEREZ _310 _620160518 _8BPMSU _a00041 |
||
| 999 |
_c10173 _d10173 |
||